[Event "1MCRE_F"]
[Site "?"]
[Date "2001.??.??"]
[Round "?"]
[White "Hybl, Vladislav"]
[Black "Bures, Jilji"]
[Result "1/2-1/2"]
[WhiteElo "2305"]
[BlackElo "2285"]
[PlyCount "54"]
[EventDate "2001.??.??"]
[EventType "corr"]

1. d4 d5 2. c4 e6 3. Nc3 Nf6 4. Bg5 c6 5. e3 Nbd7 6. Nf3 Qa5 7. cxd5 Nxd5 8.
Qd2 Bb4 9. Rc1 O-O 10. Bd3 h6 11. Bh4 e5 12. dxe5 Re8 13. O-O Nxe5 14. Nxe5
Rxe5 15. Qc2 Nxc3 16. bxc3 Be7 17. Bxe7 Rxe7 18. Rfd1 Bg4 19. Rd2 Qg5 20. Kh1
Rae8 21. h3 Be6 22. c4 f5 23. Rcd1 f4 24. exf4 Qxf4 25. Re2 Bf7 26. Rxe7 Rxe7
27. f3 Qe5 1/2-1/2

[Event "1MCRE_F"]
[Site "?"]
[Date "2001.??.??"]
[Round "?"]
[White "Nemec, Jaroslav"]
[Black "Hybl, Vladislav"]
[Result "1/2-1/2"]
[WhiteElo "2340"]
[BlackElo "2305"]
[PlyCount "52"]
[EventDate "2001.??.??"]
[EventType "corr"]

1. e4 e6 2. d4 d5 3. Nd2 dxe4 4. Nxe4 Nd7 5. Nf3 Ngf6 6. Bd3 c5 7. O-O cxd4 8.
Nxd4 Nxe4 9. Bxe4 Nf6 10. Bf3 Bc5 11. Be3 Bb6 12. Qe2 Nd5 13. Bxd5 Qxd5 14. c4
Qe4 15. Nb5 O-O 16. Rad1 e5 17. Rfe1 Bxe3 18. Qxe3 Qxe3 19. Rxe3 f6 20. c5 Bg4
21. f3 Bh5 22. a3 Rfc8 23. b4 Kf8 24. Kf2 b6 25. Rc3 bxc5 26. bxc5 Rab8 1/2-1/2

[Event "1MCRE_F"]
[Site "?"]
[Date "2001.??.??"]
[Round "?"]
[White "Priesol, Daniel"]
[Black "Hybl, Vladislav"]
[Result "1/2-1/2"]
[WhiteElo "2285"]
[BlackElo "2305"]
[PlyCount "40"]
[EventDate "2001.??.??"]
[EventType "corr"]

1. e4 e6 2. d4 d5 3. Nc3 Nf6 4. e5 Nfd7 5. Nce2 c5 6. c3 Nc6 7. f4 f5 8. Nf3
Be7 9. g3 O-O 10. Be3 cxd4 11. Nexd4 Nxd4 12. Nxd4 Nc5 13. Bg2 Bd7 14. Qe2 Rc8
15. O-O Qe8 16. Rfc1 b5 17. Nb3 a6 18. Rc2 Ne4 19. Rd1 Qg6 20. Nd4 Rc7 1/2-1/2

[Event "1MCRE_F"]
[Site "?"]
[Date "2001.??.??"]
[Round "?"]
[White "Hybl, Vladislav"]
[Black "Bultman, Milan"]
[Result "1/2-1/2"]
[WhiteElo "2305"]
[BlackElo "2295"]
[PlyCount "46"]
[EventDate "2001.??.??"]
[EventType "corr"]

1. d4 Nf6 2. c4 g6 3. Nc3 Bg7 4. e4 d6 5. f4 O-O 6. Nf3 c5 7. d5 e6 8. Be2 exd5
9. cxd5 Re8 10. e5 dxe5 11. fxe5 Ng4 12. O-O Nxe5 13. Bf4 Nxf3+ 14. Bxf3 Nd7
15. d6 Ne5 16. Bd5 Bf5 17. Qb3 Qd7 18. Rad1 Nd3 19. Bg3 Bd4+ 20. Kh1 Nb4 21.
Bc4 Rf8 22. Rd2 Nc6 23. Nd5 Kg7 1/2-1/2

[Event "1MCRE_F"]
[Site "?"]
[Date "2001.??.??"]
[Round "?"]
[White "Jandek, Stefan"]
[Black "Alexa, Jaroslav"]
[Result "1/2-1/2"]
[WhiteElo "2330"]
[BlackElo "2380"]
[PlyCount "48"]
[EventDate "2001.??.??"]
[EventType "corr"]

1. e4 c5 2. Nf3 Nc6 3. d4 cxd4 4. Nxd4 Nf6 5. Nc3 e5 6. Ndb5 d6 7. Bg5 a6 8.
Na3 b5 9. Bxf6 gxf6 10. Nd5 f5 11. Bd3 Be6 12. Qh5 Rg8 13. g3 Rc8 14. c3 Rg6
15. Nc2 fxe4 16. Bxe4 Bg4 17. Bxg6 Bxh5 18. Bxh5 Bg7 19. Bg4 Rb8 20. O-O Kf8
21. Rfd1 Kg8 22. a4 bxa4 23. Rxa4 Rxb2 24. Rxa6 Ne7 1/2-1/2

[Event "1MCRE_F"]
[Site "?"]
[Date "2001.??.??"]
[Round "?"]
[White "Jandek, Stefan"]
[Black "Geryk, Miroslav"]
[Result "1-0"]
[WhiteElo "2330"]
[BlackElo "2225"]
[PlyCount "79"]
[EventDate "2001.??.??"]
[EventType "corr"]

1. e4 c5 2. Nf3 d6 3. d4 cxd4 4. Nxd4 Nf6 5. Nc3 a6 6. f3 Qb6 7. Nb3 e6 8. g4
Qc7 9. Be3 b5 10. Qd2 Be7 11. a4 b4 12. Na2 Nc6 13. g5 Nd7 14. Nxb4 Nxb4 15.
Qxb4 h6 16. gxh6 Qxc2 17. h4 d5 18. Qc3 Qxc3+ 19. bxc3 Bf6 20. Kd2 gxh6 21.
exd5 exd5 22. Re1 Kd8 23. Nd4 Bxd4 24. cxd4 Rb8 25. a5 Rb3 26. Bd3 Nb8 27. Rc1
Rg8 28. Rhe1 Rg2+ 29. Re2 Rb2+ 30. Ke1 Rbxe2+ 31. Bxe2 Rg6 32. Rc5 Bb7 33. Bf4
Nd7 34. Rc7 Bc8 35. Kf2 h5 36. Rc1 Bb7 37. Bd3 Re6 38. Rg1 Rc6 39. Rg8+ Ke7 40.
Rh8 1-0

[Event "1MCRE_F"]
[Site "?"]
[Date "2001.??.??"]
[Round "?"]
[White "Jandek, Stefan"]
[Black "Zpevakova, Katerina"]
[Result "1-0"]
[WhiteElo "2330"]
[BlackElo "2325"]
[PlyCount "71"]
[EventDate "2001.??.??"]
[EventType "corr"]

1. e4 c5 2. Nf3 e6 3. d4 cxd4 4. Nxd4 a6 5. Bd3 Nf6 6. O-O Qc7 7. Qe2 d6 8. c4
g6 9. Nc3 Bg7 10. Rd1 O-O 11. Nf3 Nc6 12. h3 Nd7 13. Be3 b6 14. Rac1 Nc5 15.
Bb1 Bb7 16. Qd2 Rad8 17. b3 Qe7 18. Nd4 Nxd4 19. Bxd4 Bxd4 20. Qxd4 a5 21. Qe3
f5 22. Bc2 f4 23. Qd2 f3 24. g3 Qf6 25. a3 Qe5 26. Kh2 Qh5 27. b4 Bc8 28. e5
axb4 29. axb4 Na6 30. Na4 Qxe5 31. Nxb6 Bb7 32. Ba4 Qe2 33. Kg1 d5 34. Qc3 Rf7
35. cxd5 Bxd5 36. b5 1-0

[Event "1MCRE_F"]
[Site "?"]
[Date "2001.??.??"]
[Round "?"]
[White "Jandek, Stefan"]
[Black "Hybl, Vladislav"]
[Result "1-0"]
[WhiteElo "2330"]
[BlackElo "2305"]
[PlyCount "81"]
[EventDate "2001.??.??"]
[EventType "corr"]

1. e4 e6 2. d4 d5 3. Nc3 Nf6 4. Bg5 dxe4 5. Nxe4 Be7 6. Bxf6 Bxf6 7. Nf3 O-O 8.
Qd2 b6 9. Nxf6+ Qxf6 10. Bd3 Bb7 11. Ng5 g6 12. O-O-O Nc6 13. h4 Nxd4 14. h5
Bxg2 15. Nxh7 Kxh7 16. hxg6+ Kg8 17. Rh6 Nf3 18. gxf7+ Rxf7 19. Rxf6 Nxd2 20.
Rg6+ Rg7 21. Rxg7+ Kxg7 22. Rg1 Nf3 23. Rxg2+ Kh8 24. Rg6 Re8 25. Rh6+ Kg7 26.
Rh7+ Kf6 27. Rxc7 Re7 28. Rxe7 Kxe7 29. Kd1 Ng5 30. Ke2 Nf7 31. b4 Nd6 32. f4
Ne8 33. Ke3 Nc7 34. c4 Kd6 35. Kd4 Na6 36. a3 Nc7 37. c5+ Kd7 38. Bc4 Ke7 39.
a4 bxc5+ 40. Kxc5 Kd7 41. a5 1-0

[Event "1MCRE_F"]
[Site "?"]
[Date "2001.??.??"]
[Round "?"]
[White "Bultman, Milan"]
[Black "Jandek, Stefan"]
[Result "0-1"]
[WhiteElo "2295"]
[BlackElo "2330"]
[PlyCount "44"]
[EventDate "2001.??.??"]
[EventType "corr"]

1. d4 Nf6 2. Bg5 e6 3. Nf3 h6 4. Bxf6 Qxf6 5. e4 d6 6. Nc3 Nd7 7. Qe2 c6 8. e5
Qd8 9. O-O-O d5 10. h3 b5 11. Qe3 b4 12. Ne2 a5 13. Ng3 Qb6 14. Be2 c5 15. Rd2
c4 16. Rdd1 Qc6 17. Nd2 Rb8 18. f4 c3 19. Nf3 Nb6 20. b3 a4 21. Bd3 Nc4 22. Qe2
Nb2 0-1

[Event "1MCRE_F"]
[Site "?"]
[Date "2001.??.??"]
[Round "?"]
[White "Jandek, Stefan"]
[Black "Makovsky, Petr"]
[Result "1-0"]
[WhiteElo "2330"]
[BlackElo "2295"]
[PlyCount "77"]
[EventDate "2001.??.??"]
[EventType "corr"]

1. e4 e5 2. Nf3 Nc6 3. d4 exd4 4. Nxd4 Nf6 5. Nxc6 bxc6 6. e5 Qe7 7. Qe2 Nd5 8.
c4 Ba6 9. b3 O-O-O 10. g3 Re8 11. Bb2 f6 12. Bg2 fxe5 13. Nd2 Qb4 14. O-O Nf6
15. a3 Qb6 16. b4 h5 17. Rfe1 h4 18. c5 Qb7 19. Qe3 hxg3 20. hxg3 Kb8 21. Qf3
d5 22. Rxe5 Rxe5 23. Bxe5 Qc8 24. Bxf6 gxf6 25. Qxf6 Rh6 26. Qf7 Bd3 27. Re1
Bg6 28. Qf4 Bf5 29. Nf3 a6 30. Ne5 Bg7 31. g4 Be4 32. Rxe4 dxe4 33. Nxc6+ Rxc6
34. Qxe4 Qd7 35. Qxc6 Qxc6 36. Bxc6 Bb2 37. a4 Kc8 38. b5 axb5 39. Bxb5 1-0

[Event "1MCRE_F"]
[Site "?"]
[Date "2001.??.??"]
[Round "?"]
[White "Macka, Miroslav"]
[Black "Jandek, Stefan"]
[Result "0-1"]
[WhiteElo "2270"]
[BlackElo "2330"]
[PlyCount "48"]
[EventDate "2001.??.??"]
[EventType "corr"]

1. e4 c5 2. Nf3 d6 3. d4 cxd4 4. Nxd4 Nf6 5. Nc3 a6 6. Bg5 e6 7. f4 Qb6 8. Qd2
Qxb2 9. Rb1 Qa3 10. Be2 Nbd7 11. O-O Qc5 12. Kh1 Be7 13. Nb3 Qc7 14. e5 dxe5
15. fxe5 Nxe5 16. Bxf6 gxf6 17. Ne4 f5 18. Ng3 Bd7 19. c4 Rg8 20. Qh6 O-O-O 21.
Qh5 Bc6 22. Rbd1 f4 23. Rxf4 Nd3 24. Rxf7 Nf4 0-1

[Event "1MCRE_F"]
[Site "?"]
[Date "2001.??.??"]
[Round "?"]
[White "Jandek, Stefan"]
[Black "Nemec, Jaroslav"]
[Result "1/2-1/2"]
[WhiteElo "2330"]
[BlackElo "2340"]
[PlyCount "73"]
[EventDate "2001.??.??"]
[EventType "corr"]

1. e4 c5 2. Nf3 d6 3. d4 cxd4 4. Nxd4 Nf6 5. Nc3 a6 6. Be3 Ng4 7. Bg5 h6 8. Bh4
g5 9. Bg3 Bg7 10. h3 Ne5 11. f3 Nbc6 12. Bf2 Be6 13. Qd2 Nxd4 14. Bxd4 Qa5 15.
a3 Rg8 16. h4 gxh4 17. f4 Rd8 18. Be2 b5 19. O-O-O b4 20. Nd5 Nc6 21. Bxg7 Rxg7
22. Rxh4 bxa3 23. Qxa5 axb2+ 24. Kxb2 Nxa5 25. g4 Rb8+ 26. Kc1 Rg8 27. e5 Kd7
28. f5 Bxd5 29. Rxd5 Nc6 30. exd6 e6 31. Rd1 Rb4 32. c3 Ra4 33. fxe6+ fxe6 34.
Rxh6 Ra1+ 35. Kd2 Rxd1+ 36. Kxd1 Kxd6 37. Rxe6+ 1/2-1/2

[Event "1MCRE_F"]
[Site "?"]
[Date "2001.??.??"]
[Round "?"]
[White "Pfeifer, Miroslav"]
[Black "Jandek, Stefan"]
[Result "1/2-1/2"]
[WhiteElo "2310"]
[BlackElo "2330"]
[PlyCount "45"]
[EventDate "2001.??.??"]
[EventType "corr"]

1. e4 e5 2. Bb5 c6 3. Ba4 Nf6 4. Qe2 Bc5 5. c3 O-O 6. d3 d5 7. Nf3 Bg4 8. h3
Bxf3 9. Qxf3 a5 10. O-O b5 11. Bc2 Qd6 12. Nd2 Nbd7 13. Rd1 Bb6 14. Nf1 a4 15.
Ng3 g6 16. Bg5 Rfe8 17. a3 Kg7 18. Rd2 h6 19. Be3 Bxe3 20. fxe3 dxe4 21. Nxe4
Nxe4 22. Qxe4 Nf6 23. Qh4 1/2-1/2

[Event "1MCRE_F"]
[Site "?"]
[Date "2001.??.??"]
[Round "?"]
[White "Bures, Jilji"]
[Black "Jandek, Stefan"]
[Result "0-1"]
[WhiteElo "2285"]
[BlackElo "2330"]
[PlyCount "72"]
[EventDate "2001.??.??"]
[EventType "corr"]

1. e4 c5 2. Nf3 d6 3. d4 cxd4 4. Nxd4 Nf6 5. Nc3 a6 6. g3 e5 7. Nde2 Nbd7 8. a4
b6 9. Bg2 Bb7 10. h3 Be7 11. g4 Nc5 12. Ng3 O-O 13. O-O Rc8 14. Re1 g6 15. Be3
Ne6 16. Qd2 Ne8 17. Nd5 Bg5 18. Bxg5 Nxg5 19. c3 Ne6 20. Ne2 Nc5 21. Qe3 Bxd5
22. exd5 f5 23. gxf5 gxf5 24. b4 f4 25. Qf3 Nd7 26. Qd3 Kh8 27. Be4 Qh4 28. Kf1
Nef6 29. Bf5 e4 30. Qd4 Ne5 31. Bxc8 Rxc8 32. Nxf4 Qxf4 33. Re3 Nf3 34. Qd1 Rg8
35. Ke2 Qf5 36. c4 Nh5 0-1

[Event "1MCRE_F"]
[Site "?"]
[Date "2001.??.??"]
[Round "?"]
[White "Jandek, Stefan"]
[Black "Priesol, Daniel"]
[Result "1/2-1/2"]
[WhiteElo "2330"]
[BlackElo "2285"]
[PlyCount "95"]
[EventDate "2001.??.??"]
[EventType "corr"]

1. e4 e5 2. Bc4 Nf6 3. d3 Nc6 4. Nf3 Bc5 5. c3 d6 6. Nbd2 O-O 7. O-O Bb6 8. Bb3
Ne7 9. Nc4 Ng6 10. h3 Be6 11. Re1 Bxc4 12. Bxc4 c6 13. Bb3 h6 14. d4 exd4 15.
cxd4 Re8 16. Bc2 Nh5 17. Be3 Nhf4 18. Qd2 Ne6 19. d5 Nc5 20. dxc6 bxc6 21. Qc3
Rc8 22. Rad1 Qc7 23. e5 Nxe5 24. Nxe5 Rxe5 25. Bf4 Rxe1+ 26. Qxe1 Qd7 27. Bxd6
Qe6 28. Qxe6 Nxe6 29. Be5 c5 30. Kf1 Nd4 31. Bd3 Rd8 32. Bc4 Rd7 33. Bf4 Kf8
34. g4 g5 35. Bc1 Bc7 36. b3 Ke7 37. Ba3 Bd6 38. Re1+ Kd8 39. Bb2 f6 40. b4 Be5
41. bxc5 Nf3 42. Bxe5 fxe5 43. Rc1 Rd2 44. Bb3 Kc7 45. Rc3 e4 46. Bc2 Nd4 47.
Bxe4 Rxa2 48. Rd3 1/2-1/2

[Event "1MCRE_F"]
[Site "?"]
[Date "2001.??.??"]
[Round "?"]
[White "Jandek, Stefan"]
[Black "Doudera, Lubomir"]
[Result "1-0"]
[WhiteElo "2330"]
[BlackElo "2260"]
[PlyCount "59"]
[EventDate "2001.??.??"]
[EventType "corr"]

1. e4 d5 2. exd5 Qxd5 3. Nc3 Qa5 4. d4 Nf6 5. Nf3 Bg4 6. h3 Bh5 7. g4 Bg6 8.
Ne5 e6 9. Bg2 c6 10. h4 Be4 11. Bxe4 Nxe4 12. Qf3 Nd6 13. Bf4 f6 14. Nd3 Nb5
15. O-O Nxd4 16. Qe4 Qd8 17. Rad1 Be7 18. Be3 e5 19. f4 Nxc2 20. Nf2 Nd4 21.
fxe5 fxe5 22. Bxd4 exd4 23. Rxd4 Qc7 24. Qe6 Qg3+ 25. Kh1 Qxh4+ 26. Kg2 Qf6 27.
Qc8+ Kf7 28. Qxh8 Nd7 29. Qxa8 Qxd4 30. Nfe4+ 1-0

[Event "1MCRE_F"]
[Site "?"]
[Date "2001.??.??"]
[Round "?"]
[White "Pytlik, Lesek"]
[Black "Jandek, Stefan"]
[Result "1/2-1/2"]
[WhiteElo "2260"]
[BlackElo "2330"]
[PlyCount "65"]
[EventDate "2001.??.??"]
[EventType "corr"]

1. d3 d5 2. Nf3 Nf6 3. g3 Nc6 4. Bg2 e5 5. O-O Be7 6. Nbd2 O-O 7. e4 dxe4 8.
dxe4 Be6 9. b3 Bc5 10. Bb2 Qd6 11. a3 a5 12. Qe2 Nd4 13. Nxd4 Bxd4 14. c3 Bc5
15. c4 Nd7 16. Nf3 Bd4 17. Nxd4 exd4 18. f4 f6 19. Rfd1 c5 20. Qd3 Rae8 21. Bc1
Qa6 22. Bf1 Re7 23. Rd2 Rfe8 24. Bb2 Bf7 25. Re1 Bg6 26. Rde2 Bh5 27. Rc2 Qe6
28. Bg2 Qb6 29. Bc1 Bg6 30. Rd2 Qd6 31. h3 Qc6 32. Rde2 Qa6 33. Rd2 1/2-1/2

[Event "1MCRE_F"]
[Site "?"]
[Date "2001.??.??"]
[Round "?"]
[White "Ryska, Jiri"]
[Black "Jandek, Stefan"]
[Result "0-1"]
[WhiteElo "2210"]
[BlackElo "2330"]
[PlyCount "64"]
[EventDate "2001.??.??"]
[EventType "corr"]

1. d4 Nf6 2. Nf3 e6 3. Bg5 h6 4. Bxf6 Qxf6 5. e4 d6 6. Nbd2 Nd7 7. c3 g6 8. Qc2
Bg7 9. Bd3 O-O 10. O-O-O c5 11. d5 Rd8 12. dxe6 Qxe6 13. Bc4 Qe7 14. Rhe1 Rb8
15. Bd5 Nf6 16. Nb3 Qc7 17. Qd2 Nxd5 18. exd5 b5 19. Re3 a5 20. Qe2 a4 21. Nbd2
a3 22. b3 Bd7 23. Re1 Re8 24. Nb1 b4 25. c4 Rxe3 26. fxe3 Qd8 27. e4 Qf8 28. h3
f5 29. g4 Re8 30. gxf5 gxf5 31. Nfd2 Qf6 32. Qh2 fxe4 0-1

[Event "1MCRE_F"]
[Site "?"]
[Date "2001.??.??"]
[Round "?"]
[White "Lounek, Jan"]
[Black "Jandek, Stefan"]
[Result "1/2-1/2"]
[WhiteElo "2245"]
[BlackElo "2330"]
[PlyCount "76"]
[EventDate "2001.??.??"]
[EventType "corr"]

1. e4 e5 2. Nf3 Nc6 3. Bb5 a6 4. Ba4 Nf6 5. O-O Be7 6. Re1 b5 7. Bb3 d6 8. c3
O-O 9. h3 Bb7 10. d4 Re8 11. Nbd2 Bf8 12. d5 Nb8 13. Nf1 Nbd7 14. Ng3 Nc5 15.
Bc2 a5 16. a4 c6 17. axb5 cxb5 18. b4 axb4 19. Rxa8 Qxa8 20. cxb4 Na4 21. Bg5
Nd7 22. Qe2 Rc8 23. Qxb5 Rxc2 24. Qxd7 Nb6 25. Qd8 Qxd8 26. Bxd8 Nc4 27. b5 Na3
28. b6 g6 29. Ra1 Nb5 30. Ra5 Rb2 31. Nd2 f5 32. f3 Bh6 33. Nc4 Rb4 34. exf5
Rxc4 35. Rxb5 Bf4 36. Ne2 Be3+ 37. Kh2 gxf5 38. Rb3 f4 1/2-1/2

[Event "1MCRE_F"]
[Site "?"]
[Date "2001.??.??"]
[Round "?"]
[White "Jandek, Stefan"]
[Black "Gubas, Jan"]
[Result "1-0"]
[WhiteElo "2330"]
[BlackElo "2250"]
[PlyCount "135"]
[EventDate "2001.??.??"]
[EventType "corr"]

1. e4 e6 2. d4 d5 3. Nc3 Bb4 4. e5 c5 5. a3 Bxc3+ 6. bxc3 Ne7 7. Qg4 O-O 8. Bd3
f5 9. exf6 Rxf6 10. Bg5 Rf7 11. Qh5 g6 12. Qd1 Nbc6 13. Nf3 Qa5 14. Bd2 c4 15.
Be2 Nf5 16. O-O Nd6 17. Ng5 Re7 18. f4 h6 19. Nf3 Ne4 20. Ne5 Nxd4 21. cxd4
Nxd2 22. Rf2 Ne4 23. Rf3 Kh7 24. Re3 Nd6 25. c3 Rg7 26. Rh3 Bd7 27. Ng4 Kg8 28.
Nxh6+ Kf8 29. Ng4 Ke7 30. Qe1 Rf8 31. Qh4+ Ke8 32. Nf6+ Kd8 33. Bg4 Kc7 34. Re1
Nf5 35. Bxf5 exf5 36. Re5 Qxa3 37. Nxd5+ Kb8 38. Rhe3 g5 39. Qh6 Rfg8 40. fxg5
Rg6 41. Qh4 Qc1+ 42. Kf2 Qd2+ 43. Kf1 Qc1+ 44. Re1 Qxg5 45. Qxg5 Rxg5 46. Nf6
R8g7 47. h4 R5g6 48. Nxd7+ Rxd7 49. Rxf5 Rg3 50. Rc5 Rf7+ 51. Kg1 b6 52. Rxc4
Rg4 53. h5 Rh7 54. Re5 Rh4 55. Kf2 R4xh5 56. Rxh5 Rxh5 57. g4 Rh3 58. Kg2 Re3
59. g5 Kb7 60. Kf2 Re8 61. Kf3 a5 62. Kg4 Ra8 63. Ra4 Rg8 64. Ra1 Kc6 65. c4
Rd8 66. Rd1 Kd7 67. g6 Ke7 68. Kg5 1-0

[Event "1MCRE_F"]
[Site "?"]
[Date "2001.??.??"]
[Round "?"]
[White "Vrkoc, David"]
[Black "Jandek, Stefan"]
[Result "1/2-1/2"]
[WhiteElo "2335"]
[BlackElo "2330"]
[PlyCount "38"]
[EventDate "2001.??.??"]
[EventType "corr"]

1. e4 c5 2. Nf3 d6 3. d4 cxd4 4. Nxd4 Nf6 5. Nc3 a6 6. Bc4 e6 7. Bb3 Nbd7 8. f4
Nc5 9. Qf3 Be7 10. Be3 Qc7 11. f5 O-O 12. O-O e5 13. Nde2 Nxb3 14. axb3 b5 15.
g4 Bb7 16. g5 Nxe4 17. Nxe4 d5 18. f6 dxe4 19. Qf2 Bd8 1/2-1/2

[Event "1MCRE_F"]
[Site "?"]
[Date "2001.??.??"]
[Round "?"]
[White "Pytlik, Lesek"]
[Black "Bures, Jilji"]
[Result "0-1"]
[WhiteElo "2260"]
[BlackElo "2285"]
[PlyCount "46"]
[EventDate "2001.??.??"]
[EventType "corr"]

1. d3 d5 2. Nf3 Nf6 3. g3 c6 4. Bg2 Bg4 5. Nbd2 Nbd7 6. O-O e5 7. h3 Bh5 8. Nh4
Bc5 9. Rb1 a5 10. c3 O-O 11. b3 Re8 12. g4 Bxg4 13. hxg4 Nxg4 14. Nf5 g6 15. d4
gxf5 16. dxc5 e4 17. Nxe4 fxe4 18. Qd4 Qc7 19. f4 Qd8 20. Bh3 Qh4 21. Bxg4
Qxg4+ 22. Kf2 Qh4+ 23. Ke3 Qh3+ 0-1

[Event "1MCRE_F"]
[Site "?"]
[Date "2001.??.??"]
[Round "?"]
[White "Bures, Jilji"]
[Black "Gubas, Jan"]
[Result "1-0"]
[WhiteElo "2285"]
[BlackElo "2250"]
[PlyCount "31"]
[EventDate "2001.??.??"]
[EventType "corr"]

1. e4 e6 2. d4 d5 3. Nc3 Bb4 4. Nge2 Nf6 5. Bg5 dxe4 6. a3 Be7 7. Bxf6 Bxf6 8.
Nxe4 O-O 9. Qd3 Nc6 10. O-O-O b6 11. g3 Bb7 12. Bg2 Be7 13. Nf4 g5 14. Nh5 Na5
15. d5 exd5 16. h4 1-0

[Event "1MCRE_F"]
[Site "?"]
[Date "2001.??.??"]
[Round "?"]
[White "Bures, Jilji"]
[Black "Priesol, Daniel"]
[Result "1/2-1/2"]
[WhiteElo "2285"]
[BlackElo "2285"]
[PlyCount "38"]
[EventDate "2001.??.??"]
[EventType "corr"]

1. e4 e5 2. Nf3 Nf6 3. Nxe5 d6 4. Nf3 Nxe4 5. d4 d5 6. Bd3 Be7 7. O-O Nc6 8.
Re1 Bg4 9. c4 Nf6 10. cxd5 Bxf3 11. Qxf3 Qxd5 12. Qg3 Qxd4 13. Nc3 O-O 14. Nb5
Qg4 15. Qxg4 Nxg4 16. Be2 Nf6 17. Bf3 Rfd8 18. Bg5 Nd5 19. Bxe7 Ndxe7 1/2-1/2

[Event "1MCRE_F"]
[Site "?"]
[Date "2001.??.??"]
[Round "?"]
[White "Bures, Jilji"]
[Black "Pfeifer, Miroslav"]
[Result "1/2-1/2"]
[WhiteElo "2285"]
[BlackElo "2310"]
[PlyCount "50"]
[EventDate "2001.??.??"]
[EventType "corr"]

1. e4 e5 2. Nf3 Nc6 3. Bb5 f5 4. d3 fxe4 5. dxe4 Nf6 6. O-O d6 7. Nc3 Be7 8.
Qd3 Bg4 9. h3 Bxf3 10. Qxf3 O-O 11. Qd1 Kh8 12. Be3 h6 13. Qd2 Nh7 14. Nd5 Bg5
15. c3 Bxe3 16. Qxe3 Ne7 17. Be2 Nxd5 18. exd5 Qh4 19. c4 b6 20. Rae1 Rf6 21.
Bg4 Raf8 22. g3 Qg5 23. Qxg5 Nxg5 24. Kg2 Nf3 25. Bxf3 Rxf3 1/2-1/2

[Event "1MCRE_F"]
[Site "?"]
[Date "2001.??.??"]
[Round "?"]
[White "Alexa, Jaroslav"]
[Black "Sykora, Josef"]
[Result "1/2-1/2"]
[WhiteElo "2380"]
[BlackElo "2370"]
[PlyCount "48"]
[EventDate "2001.??.??"]
[EventType "corr"]

1. e4 c6 2. d4 d5 3. Nc3 dxe4 4. Nxe4 Nd7 5. Ng5 Ngf6 6. Bd3 e6 7. N1f3 Bd6 8.
Qe2 h6 9. Ne4 Nxe4 10. Qxe4 c5 11. Bd2 Qc7 12. O-O c4 13. Be2 Nf6 14. Qh4 Bd7
15. Ne5 Bxe5 16. dxe5 Qxe5 17. Bf3 Bc6 18. Bxc6+ bxc6 19. Bc3 Qf5 20. Qxc4 O-O
21. Bxf6 Qxf6 22. b3 Rfd8 23. Qxc6 Rac8 24. Qe4 Rd2 1/2-1/2

[Event "1MCRE_F"]
[Site "?"]
[Date "2001.??.??"]
[Round "?"]
[White "Sykora, Josef"]
[Black "Nemec, Jaroslav"]
[Result "1/2-1/2"]
[WhiteElo "2370"]
[BlackElo "2340"]
[PlyCount "163"]
[EventDate "2001.??.??"]
[EventType "corr"]

1. Nf3 Nf6 2. g3 g6 3. Bg2 Bg7 4. O-O O-O 5. c4 c6 6. d4 d5 7. Nbd2 Na6 8. b3
Bf5 9. Bb2 Qd7 10. Ne5 Qe6 11. f3 Bh3 12. e4 Bxg2 13. Kxg2 Rad8 14. Qe2 Nd7 15.
Nd3 Nb6 16. c5 Na8 17. e5 N8c7 18. f4 f5 19. a4 Rb8 20. b4 Qd7 21. Nf3 Ne6 22.
h4 b6 23. cxb6 Rxb6 24. Bc3 h5 25. Rfc1 Rc8 26. Qa2 Rcb8 27. Rc2 Rc8 28. Rac1
Rbb8 29. Bd2 Rc7 30. Qa3 Bf8 31. Rb2 Rcb7 32. Rcb1 Nac7 33. Qc3 Na6 34. Qc2 Bh6
35. Rc1 Rc7 36. Qb1 Rcb7 37. Rbc2 Rc7 38. Qa1 Bf8 39. Kh3 Rbb7 40. Bc3 Rc8 41.
Nd2 Rcc7 42. Nb3 Rb8 43. Bd2 Qc8 44. Kg2 Qd7 45. Kf2 Qe8 46. Ke3 Qd7 47. Qa2
Kh7 48. Rb2 Qe8 49. Rcb1 Rcb7 50. Na5 Rb6 51. Rc1 Rc8 52. Rbc2 Rc7 53. Nb3 Rb8
54. Qa1 Qd7 55. Qc3 Qc8 56. Rb2 Kg8 57. Rcb1 Kh7 58. Qc1 Kg8 59. Rc2 Kh7 60.
Rbb2 Kg8 61. Qh1 Kh7 62. Qf1 Kg8 63. Rc1 Kh7 64. Rcb1 Kg8 65. Bc3 Kh7 66. Nbc5
Naxc5 67. Nxc5 Rb6 68. Qd3 Bg7 69. Kf2 Nxc5 70. dxc5 Rb8 71. Bd4 a6 72. b5 axb5
73. axb5 cxb5 74. Rxb5 Rxb5 75. Qxb5 e6 76. Qb8 Bf8 77. Qxc8 Rxc8 78. Ke2 Kg7
79. Rb7+ Kg8 80. Rb5 Kf7 81. Kd2 Ke8 82. Kc3 1/2-1/2

[Event "1MCRE_F"]
[Site "?"]
[Date "2001.??.??"]
[Round "?"]
[White "Vrkoc, David"]
[Black "Sykora, Josef"]
[Result "1/2-1/2"]
[WhiteElo "2335"]
[BlackElo "2370"]
[PlyCount "97"]
[EventDate "2001.??.??"]
[EventType "corr"]

1. e4 c6 2. d4 d5 3. Nc3 dxe4 4. Nxe4 Nd7 5. Ng5 Ngf6 6. Bd3 e6 7. N1f3 Bd6 8.
Qe2 h6 9. Ne4 Nxe4 10. Qxe4 Qc7 11. Bd2 b6 12. O-O-O Bb7 13. Kb1 O-O-O 14. Qe2
Kb8 15. Rhe1 c5 16. Bc3 Rhg8 17. Ba6 Bd5 18. Bc4 cxd4 19. Rxd4 Bxf3 20. Qxf3
Ne5 21. Qe2 Nxc4 22. Rxc4 Qe7 23. a4 Qb7 24. g3 Bc7 25. a5 Rd5 26. axb6 Bxb6
27. f4 g6 28. Bf6 Qd7 29. Be5+ Ka8 30. Qf3 Qb7 31. h3 Rgd8 32. Bf6 R8d7 33. Rc1
Rc5 34. Qb3 Rdd5 35. Be5 a6 36. Rb4 Ka7 37. Bd4 Rb5 38. Bxb6+ Qxb6 39. Rxb5
Rxb5 40. Qa3 Qd4 41. c4 Rc5 42. Qc3 Qe4+ 43. Ka2 Rc7 44. h4 h5 45. c5 Qa4+ 46.
Qa3 Qd4 47. Qa5 Rb7 48. Qc3 Qa4+ 49. Qa3 1/2-1/2

[Event "1MCRE_F"]
[Site "?"]
[Date "2001.??.??"]
[Round "?"]
[White "Sykora, Josef"]
[Black "Jandek, Stefan"]
[Result "1/2-1/2"]
[WhiteElo "2370"]
[BlackElo "2330"]
[PlyCount "63"]
[EventDate "2001.??.??"]
[EventType "corr"]

1. Nf3 Nf6 2. g3 d5 3. Bg2 c6 4. O-O Bg4 5. d3 Nbd7 6. Nbd2 e5 7. h3 Bh5 8. e4
dxe4 9. dxe4 Bc5 10. Qe1 O-O 11. Nh4 Re8 12. Nb3 Bb6 13. a4 Nc5 14. Nxc5 Bxc5
15. a5 Nd7 16. Nf5 Bg6 17. Nh4 Bh5 18. Nf5 Bg6 19. b4 Bf8 20. Be3 Nf6 21. Bg5
Re6 22. Rd1 Qc7 23. Qc3 Rd8 24. Rxd8 Qxd8 25. Be3 a6 26. Bb6 Qd7 27. Re1 h6 28.
g4 Re8 29. Rb1 Bxf5 30. gxf5 Nh5 31. Bf1 Nf4 32. Kh2 1/2-1/2

[Event "1MCRE_F"]
[Site "?"]
[Date "2001.??.??"]
[Round "?"]
[White "Zpevakova, Katerina"]
[Black "Sykora, Josef"]
[Result "1/2-1/2"]
[WhiteElo "2325"]
[BlackElo "2370"]
[PlyCount "43"]
[EventDate "2001.??.??"]
[EventType "corr"]

1. d4 Nf6 2. c4 e6 3. Nf3 b6 4. g3 Bb7 5. Bg2 Be7 6. O-O O-O 7. Nc3 Ne4 8. Qc2
Nxc3 9. Qxc3 c5 10. Rd1 d6 11. Bf4 Nc6 12. Qd2 Bf6 13. dxc5 dxc5 14. Ng5 Qxd2
15. Rxd2 Rad8 16. Rad1 Rxd2 17. Rxd2 e5 18. Be3 Rd8 19. Bd5 Bxg5 20. Bxg5 Rd7
21. Bxc6 Rxd2 22. Bxd2 1/2-1/2